|
|
|
|
| LEADER |
01746cas a2200241 a 4500 |
| 001 |
AALejournalIMF017455 |
| 008 |
230101c9999 xx r poo 0 0eng d |
| 020 |
|
|
|c 5.00 USD
|
| 020 |
|
|
|z 9781475580198
|
| 022 |
|
|
|a 1934-7685
|
| 040 |
|
|
|a BD-DhAAL
|c BD-DhAAL
|
| 110 |
2 |
|
|a International Monetary Fund.
|b European Dept.
|
| 245 |
1 |
0 |
|a Portugal :
|b Fifth Post Program Monitoring Discussions-Press Release; Staff Report; and Statement by the Executive Director for Portugal.
|
| 264 |
|
1 |
|a Washington, D.C. :
|b International Monetary Fund,
|c 2017.
|
| 300 |
|
|
|a 1 online resource (49 pages)
|
| 490 |
1 |
|
|a IMF Staff Country Reports
|
| 500 |
|
|
|a <strong>Off-Campus Access:</strong> No User ID or Password Required
|
| 500 |
|
|
|a <strong>On-Campus Access:</strong> No User ID or Password Required
|
| 506 |
|
|
|a Electronic access restricted to authorized BRAC University faculty, staff and students
|
| 520 |
3 |
|
|a The Fifth Post-Program Monitoring Discussions with Portugal highlight a welcome upturn in growth in the second half of 2016 after a sluggish first half, boosted by stronger exports and a further decline in unemployment to precrisis levels. These developments point to an improved near-term outlook, but medium-term growth could be put on a more sustainable footing by reducing structural bottlenecks and high levels of corporate debt. The revised 2016 fiscal target appears likely to have been met, but prospective public outlays for banking sector recapitalization continue to weigh on public debt trends.
|
| 538 |
|
|
|a Mode of access: Internet
|
| 830 |
|
0 |
|a IMF Staff Country Reports; Country Report ;
|v No. 2017/058
|
| 856 |
4 |
0 |
|z Full text available on IMF
|u http://elibrary.imf.org/view/journals/002/2017/058/002.2017.issue-058-en.xml
|z IMF e-Library
|